| 000 -LEADER |
| fixed length control field |
00722nam a22002175i 4500 |
| 001 - CONTROL NUMBER |
| control field |
19586587 |
| 005 - DATE AND TIME OF LATEST TRANSACTION |
| control field |
20201105130919.0 |
| 008 - FIXED-LENGTH DATA ELEMENTS--GENERAL INFORMATION |
| fixed length control field |
170406s2017 nyu 000 0 eng |
| 010 ## - LIBRARY OF CONGRESS CONTROL NUMBER |
| LC control number |
2017939056 |
| 020 ## - INTERNATIONAL STANDARD BOOK NUMBER |
| International Standard Book Number |
9780198789130 (pbk.) |
| 041 ## - LANGUAGE CODE |
| Language code of text/sound track or separate title |
eng |
| 080 ## - UNIVERSAL DECIMAL CLASSIFICATION NUMBER |
| Universal Decimal Classification number |
341.24 B-24 |
| 245 00 - TITLE STATEMENT |
| Title |
European union law / |
| Statement of responsibility, etc. |
[edited by] Prof Catherine Barnard, Steve Peers. |
| 264 #1 - PRODUCTION, PUBLICATION, DISTRIBUTION, MANUFACTURE, AND COPYRIGHT NOTICE |
| Place of production, publication, distribution, manufacture |
New York, NY : |
| Name of producer, publisher, distributor, manufacturer |
Oxford University Press, |
| Date of production, publication, distribution, manufacture, or copyright notice |
2017. |
| 300 ## - PHYSICAL DESCRIPTION |
| Extent |
853 p. |
| Other physical details |
24 cm. |
| 653 ## - INDEX TERM--UNCONTROLLED |
| keyword |
ევროპის ქვეყნები |
| 653 ## - INDEX TERM--UNCONTROLLED |
| keyword |
სამართალი |
| 700 ## - ADDED ENTRY--PERSONAL NAME |
| Personal name |
Barnard, Catherine |
| Relator term |
რედაქტორი |
| 9 (RLIN) |
9705 |
| 700 ## - ADDED ENTRY--PERSONAL NAME |
| Personal name |
Peers, Steve |
| Relator term |
რედაქტორი |
| 9 (RLIN) |
9706 |
| 942 ## - ADDED ENTRY ELEMENTS (KOHA) |
| Source of classification or shelving scheme |
|
| Koha item type |
წიგნი |